[Event "Scarborough CC Spring Swiss U1700"]
[Site "Toronto CAN"]
[Date "2008.03.27"]
[Round "3"]
[White "Farrant-Diaz, Nathan"]
[Black "Prabhudesai, Aniket"]
[Result "1-0"]
[WhiteElo "1525"]
[BlackElo "1082"]
[PlyCount "67"]
[GameId "2160767910413202"]
[EventDate "2008.03.13"]
[EventType "swiss"]
[EventRounds "8"]
[EventCountry "CAN"]
[SourceTitle "EXT 2011"]
[Source "ChessBase"]
[SourceDate "2011.11.26"]
[SourceVersion "1"]
[SourceVersionDate "2011.11.26"]
[SourceQuality "1"]

1. e4 e5 2. Nf3 Nc6 3. d4 d6 4. Bb5 Bd7 5. d5 Nf6 6. dxc6 bxc6 7. Bd3 Be7 8. Nc3 O-O 9. O-O Bg4 10. h3 Bxh3 11. gxh3 Qd7 12. Kh2 d5 13. exd5 Bd6 14. Kg2 cxd5 15. Bb5 c6 16. Ba4 Qf5 17. Nh4 Qe6 18. Bxc6 Rab8 19. Bxd5 Qe7 20. Nf5 Qd7 21. Nxd6 Qxd6 22. Bxf7+ Rxf7 23. Qxd6 Nd7 24. Re1 Rb6 25. Ne4 Nb8 26. Qd8+ Rf8 27. Qd5+ Kh8 28. Qxe5 Nd7 29. Qc3 Rg6+ 30. Ng3 Nf6 31. Qa3 Ra8 32. Qa4 Ng4 33. Re8+ Rxe8 34. Qxe8# 1-0

[Event "Scarborough CC Spring Swiss U1700"]
[Site "Toronto CAN"]
[Date "2008.03.27"]
[Round "3"]
[White "Philip, Andrew"]
[Black "Song, Michael"]
[Result "1-0"]
[WhiteElo "1675"]
[BlackElo "1331"]
[PlyCount "111"]
[GameId "2160767910413203"]
[EventDate "2008.03.13"]
[EventType "swiss"]
[EventRounds "8"]
[EventCountry "CAN"]
[SourceTitle "EXT 2011"]
[Source "ChessBase"]
[SourceDate "2011.11.26"]
[SourceVersion "1"]
[SourceVersionDate "2011.11.26"]
[SourceQuality "1"]

1. d4 Nf6 2. Bg5 e6 3. c4 d5 4. cxd5 exd5 5. Nc3 Be7 6. e3 Bf5 7. Bd3 Bxd3 8. Qxd3 c6 9. Nf3 Nbd7 10. O-O O-O 11. a3 Ne4 12. Bxe7 Qxe7 13. b4 Rac8 14. Na4 f5 15. Rab1 Nb6 16. Nxb6 axb6 17. Rfd1 g5 18. Nd2 g4 19. Nxe4 fxe4 20. Qe2 Qh4 21. g3 Qf6 22. Qxg4+ Kh8 23. Rd2 Qf3 24. Qxf3 exf3 25. Rc1 Rfd8 26. Rdc2 Rd7 27. h4 Kg7 28. b5 Rdc7 29. Kh2 c5 30. g4 Ra8 31. dxc5 Rxa3 32. cxb6 Rxc2 33. Rxc2 Rb3 34. Rc7+ Kg6 35. Rxb7 Rxb5 36. Kg3 h5 37. gxh5+ Kxh5 38. Rb8 Kg6 39. b7 Kg7 40. Kxf3 Rb6 41. Kf4 Kh7 42. Ke5 Rb5 43. f4 Kg7 44. f5 Rb6 45. f6+ Kf7 46. h5 d4 47. exd4 Re6+ 48. Kd5 Ra6 49. Rf8+ Kxf8 50. b8=Q+ Kf7 51. Qb7+ Kxf6 52. Qxa6+ Kg5 53. Qg6+ Kf4 54. Qe4+ Kg5 55. Ke5 Kh6 56. Qg6# 1-0

[Event "Scarborough CC Spring Swiss U1700"]
[Site "Toronto CAN"]
[Date "2008.03.27"]
[Round "3"]
[White "Seedhouse, Jeff"]
[Black "Pishdad, Hassan"]
[Result "1-0"]
[WhiteElo "1613"]
[BlackElo "1174"]
[PlyCount "57"]
[GameId "2160767910413204"]
[EventDate "2008.03.13"]
[EventType "swiss"]
[EventRounds "8"]
[EventCountry "CAN"]
[SourceTitle "EXT 2011"]
[Source "ChessBase"]
[SourceDate "2011.11.26"]
[SourceVersion "1"]
[SourceVersionDate "2011.11.26"]
[SourceQuality "1"]

1. e4 e5 2. Nf3 Nc6 3. d4 Nxd4 4. Nxd4 exd4 5. Qxd4 c5 6. Qe3 b6 7. Nc3 Bb7 8. Bc4 f6 9. O-O Qc7 10. Nd5 Bxd5 11. Bxd5 O-O-O 12. Qa3 Ne7 13. Qa6+ Kb8 14. Bf4 d6 15. Rfe1 f5 16. Rad1 Nxd5 17. Rxd5 fxe4 18. Rxe4 Qc6 19. Qd3 h6 20. Re6 Kc7 21. c4 Qd7 22. Re1 Qa4 23. a3 b5 24. Rc1 Be7 25. Rxc5+ Kb6 26. Rxb5+ Kc6 27. Qe4+ Kd7 28. Rb7+ Ke8 29. Qxe7# 1-0

[Event "Scarborough CC Spring Swiss U1700"]
[Site "Toronto CAN"]
[Date "2008.03.27"]
[Round "3"]
[White "Smith, Maurice"]
[Black "Jizan, Masoud"]
[Result "1-0"]
[WhiteElo "1544"]
[BlackElo "1622"]
[PlyCount "69"]
[GameId "2160767910413205"]
[EventDate "2008.03.13"]
[EventType "swiss"]
[EventRounds "8"]
[EventCountry "CAN"]
[SourceTitle "EXT 2011"]
[Source "ChessBase"]
[SourceDate "2011.11.26"]
[SourceVersion "1"]
[SourceVersionDate "2011.11.26"]
[SourceQuality "1"]

1. e4 e5 2. Nf3 Nc6 3. Bb5 Nd4 4. Nxd4 exd4 5. d3 Qe7 6. O-O a6 7. Ba4 b5 8. Bb3 Bb7 9. Bf4 O-O-O 10. a4 b4 11. c3 g5 12. Bg3 bxc3 13. bxc3 dxc3 14. Nxc3 Bg7 15. Rc1 h5 16. Nd5 Bxd5 17. Rxc7+ Kb8 18. Rxd7+ Kc8 19. Rxe7 Nxe7 20. Bxd5 Nxd5 21. exd5 Kd7 22. Qf3 Ke8 23. Qe4+ Kf8 24. Re1 Bf6 25. Bc7 Rc8 26. Bd6+ Kg7 27. Be5 Rh6 28. Bxf6+ Rxf6 29. Qe5 Kg6 30. Qe4+ Kg7 31. g3 Rc2 32. Rf1 Ra2 33. Qd4 Kg6 34. d6 Re2 35. d7 1-0

[Event "Scarborough CC Spring Swiss U1700"]
[Site "Toronto CAN"]
[Date "2008.03.27"]
[Round "3"]
[White "Xie, Peter"]
[Black "Azmitia, Gabriel"]
[Result "1/2-1/2"]
[WhiteElo "1377"]
[BlackElo "1541"]
[PlyCount "69"]
[GameId "2160767910413206"]
[EventDate "2008.03.13"]
[EventType "swiss"]
[EventRounds "8"]
[EventCountry "CAN"]
[SourceTitle "EXT 2011"]
[Source "ChessBase"]
[SourceDate "2011.11.26"]
[SourceVersion "1"]
[SourceVersionDate "2011.11.26"]
[SourceQuality "1"]

1. e4 e5 2. Nf3 Nc6 3. Bc4 Na5 4. Bb3 Nxb3 5. axb3 Nf6 6. d3 c6 7. Bg5 Be7 8. Nbd2 d6 9. O-O Bg4 10. h3 Be6 11. Re1 Qc7 12. Nc4 h6 13. Bd2 O-O 14. c3 Rfd8 15. Qc2 Nd7 16. d4 f6 17. Nh4 Nf8 18. Ne3 g6 19. d5 Bd7 20. Qc1 Kg7 21. c4 b6 22. Ng4 g5 23. Nf5+ Bxf5 24. exf5 cxd5 25. cxd5 Qd7 26. Qc2 Rdc8 27. Qd3 Rc5 28. b4 Rc7 29. Ne3 Rac8 30. Nf1 Rc4 31. Ng3 Bd8 32. Rxa7 R8c7 33. Rxc7 Rxc7 34. Ne4 Be7 35. Ng3 1/2-1/2

[Event "Scarborough CC Spring Swiss U1700"]
[Site "Toronto CAN"]
[Date "2008.04.03"]
[Round "4"]
[White "Douglas, Steven"]
[Black "Zlatanov, Petar"]
[Result "1-0"]
[WhiteElo "1597"]
[BlackElo "1527"]
[PlyCount "59"]
[GameId "2160767910413207"]
[EventDate "2008.03.13"]
[EventType "swiss"]
[EventRounds "8"]
[EventCountry "CAN"]
[SourceTitle "EXT 2011"]
[Source "ChessBase"]
[SourceDate "2011.11.26"]
[SourceVersion "1"]
[SourceVersionDate "2011.11.26"]
[SourceQuality "1"]

1. e4 c5 2. Nc3 Nc6 3. f4 e6 4. Nf3 g6 5. d4 cxd4 6. Nxd4 Bg7 7. Ndb5 Nf6 8. Nd6+ Ke7 9. Bb5 Qc7 10. Bxc6 bxc6 11. e5 Ne8 12. Nce4 f5 13. Nxe8 Rxe8 14. Nd6 Rd8 15. g4 Ba6 16. b3 Qa5+ 17. Bd2 Qd5 18. Rg1 Qd4 19. Rg3 fxg4 20. c3 Qd5 21. Qxg4 Qh1+ 22. Rg1 Qxh2 23. O-O-O Bd3 24. Rh1 Qe2 25. Qg5+ Kf8 26. Rxh7 Be4 27. Qh4 Qd3 28. Rh8+ Bxh8 29. Qxh8+ Ke7 30. Qg7# 1-0

[Event "Scarborough CC Spring Swiss U1700"]
[Site "Toronto CAN"]
[Date "2008.04.03"]
[Round "4"]
[White "Graham, John"]
[Black "Prabhudesai, Aniket"]
[Result "1-0"]
[WhiteElo "1574"]
[BlackElo "1082"]
[PlyCount "65"]
[GameId "2160767910413208"]
[EventDate "2008.03.13"]
[EventType "swiss"]
[EventRounds "8"]
[EventCountry "CAN"]
[SourceTitle "EXT 2011"]
[Source "ChessBase"]
[SourceDate "2011.11.26"]
[SourceVersion "1"]
[SourceVersionDate "2011.11.26"]
[SourceQuality "1"]

1. c4 e5 2. g3 Nc6 3. Bg2 Bc5 4. a3 Qf6 5. Nf3 Nge7 6. Nc3 O-O 7. Ne4 Qe6 8. Nxc5 Qxc4 9. b4 b6 10. d3 Qd5 11. Ne4 Qb5 12. O-O d5 13. Nc3 Qa6 14. b5 Qb7 15. bxc6 Qxc6 16. Bb2 d4 17. Nxd4 exd4 18. Bxc6 Nxc6 19. Ne4 Bh3 20. Qe1 Be6 21. Rc1 Na5 22. Rxc7 Rac8 23. Qc1 Nb3 24. Qc2 Na5 25. Nd6 Ra8 26. Nc4 Bd5 27. Nxa5 bxa5 28. Bxd4 Be6 29. Qc3 Rac8 30. Rc1 Rb8 31. Qxa5 Rbd8 32. Qe5 Rde8 33. Qxg7# 1-0

[Event "Scarborough CC Spring Swiss U1700"]
[Site "Toronto CAN"]
[Date "2008.04.03"]
[Round "4"]
[White "Jizan, Masoud"]
[Black "Pishdad, Hassan"]
[Result "1-0"]
[WhiteElo "1622"]
[BlackElo "1174"]
[PlyCount "95"]
[GameId "2160767910413209"]
[EventDate "2008.03.13"]
[EventType "swiss"]
[EventRounds "8"]
[EventCountry "CAN"]
[SourceTitle "EXT 2011"]
[Source "ChessBase"]
[SourceDate "2011.11.26"]
[SourceVersion "1"]
[SourceVersionDate "2011.11.26"]
[SourceQuality "1"]

1. e4 e5 2. f4 exf4 3. Nf3 Nf6 4. Bc4 Nxe4 5. Qe2 Qe7 6. O-O Nd6 7. Nc3 Nxc4 8. Qxc4 Qc5+ 9. Qxc5 Bxc5+ 10. d4 Bd6 11. Re1+ Kf8 12. Nd5 c6 13. Bxf4 Bxf4 14. Nxf4 d5 15. Re3 Bf5 16. Rae1 Be4 17. Nd2 g5 18. Nh5 f5 19. Nxe4 fxe4 20. c4 Nd7 21. cxd5 cxd5 22. Rc3 Nb6 23. Rf1+ Ke7 24. Rc7+ Kd6 25. Rxb7 Kc6 26. Rff7 Kb5 27. b3 Kb4 28. Nf6 Kc3 29. Nxh7 Kxd4 30. Nxg5 Kd3 31. Rf2 e3 32. Rf3 Rhc8 33. Rf1 e2 34. Re1 d4 35. Re7 Re8 36. R1xe2 Rxe7 37. Rxe7 Nd5 38. Rd7 Ne3 39. Nf3 Nc2 40. h4 a5 41. Kf2 Re8 42. Rd5 Re2+ 43. Kg1 Kc3 44. h5 d3 45. h6 d2 46. Nxd2 Rxd2 47. Rxd2 Kxd2 48. h7 1-0

[Event "Scarborough CC Spring Swiss U1700"]
[Site "Toronto CAN"]
[Date "2008.04.03"]
[Round "4"]
[White "Philip, Andrew"]
[Black "Seedhouse, Jeff"]
[Result "1/2-1/2"]
[WhiteElo "1675"]
[BlackElo "1613"]
[PlyCount "59"]
[GameId "2160767910413210"]
[EventDate "2008.03.13"]
[EventType "swiss"]
[EventRounds "8"]
[EventCountry "CAN"]
[SourceTitle "EXT 2011"]
[Source "ChessBase"]
[SourceDate "2011.11.26"]
[SourceVersion "1"]
[SourceVersionDate "2011.11.26"]
[SourceQuality "1"]

1. d4 d5 2. Bg5 Bf5 3. e3 Nd7 4. c4 c6 5. Nc3 dxc4 6. Bxc4 Ngf6 7. Qb3 e6 8. Qxb7 Qc8 9. Qxc8+ Rxc8 10. Nf3 Bb4 11. Rc1 Ne4 12. Bf4 O-O 13. O-O Bxc3 14. bxc3 Nb6 15. Bb3 c5 16. c4 Rfd8 17. Rfd1 cxd4 18. exd4 h6 19. h3 g5 20. Be3 Kg7 21. Ne5 f6 22. Nd3 a5 23. a4 Bg6 24. Kh2 Nd7 25. f3 Nd6 26. g4 Bxd3 27. Rxd3 e5 28. d5 Nc5 29. Bxc5 Rxc5 30. Kg3 1/2-1/2

[Event "Scarborough CC Spring Swiss U1700"]
[Site "Toronto CAN"]
[Date "2008.04.03"]
[Round "4"]
[White "Song, Michael"]
[Black "Azmitia, Gabriel"]
[Result "1-0"]
[WhiteElo "1331"]
[BlackElo "1541"]
[PlyCount "80"]
[GameId "2160767910413211"]
[EventDate "2008.03.13"]
[EventType "swiss"]
[EventRounds "8"]
[EventCountry "CAN"]
[SourceTitle "EXT 2011"]
[Source "ChessBase"]
[SourceDate "2011.11.26"]
[SourceVersion "1"]
[SourceVersionDate "2011.11.26"]
[SourceQuality "1"]

1. d4 d5 2. c4 c6 3. Nf3 Nf6 4. e3 Bg4 5. Nc3 dxc4 6. Bxc4 e6 7. h3 Bh5 8. O-O Bd6 9. e4 Bxf3 10. Qxf3 e5 11. dxe5 Bxe5 12. Rd1 Qe7 13. Bg5 O-O 14. Bxf6 Bxf6 15. Rac1 Nd7 16. Qf5 Ne5 17. Ne2 Rad8 18. Rxd8 Rxd8 19. h4 Nxc4 20. Rxc4 Rd1+ 21. Kh2 Qe5+ 22. Qxe5 Bxe5+ 23. f4 Bf6 24. Rb4 b6 25. Kg3 Kf8 26. e5 Be7 27. Rd4 Rxd4 28. Nxd4 c5 29. Nc6 a6 30. Nxe7 Kxe7 31. Kf3 Ke6 32. Ke4 g6 33. g4 c4 34. f5+ gxf5+ 35. gxf5+ Kd7 36. Kd5 b5 37. a3 a5 38. Kc5 Kc7 39. e6 fxe6 40. fxe6 Kd8 1-0

[Event "Scarborough CC Spring Swiss U1700"]
[Site "Toronto CAN"]
[Date "2008.04.03"]
[Round "4"]
[White "Termeer, Ted"]
[Black "Xie, Peter"]
[Result "0-1"]
[WhiteElo "1532"]
[BlackElo "1377"]
[PlyCount "104"]
[GameId "2160767910413212"]
[EventDate "2008.03.13"]
[EventType "swiss"]
[EventRounds "8"]
[EventCountry "CAN"]
[SourceTitle "EXT 2011"]
[Source "ChessBase"]
[SourceDate "2011.11.26"]
[SourceVersion "1"]
[SourceVersionDate "2011.11.26"]
[SourceQuality "1"]

1. Nf3 d5 2. d4 Nc6 3. Bf4 Nf6 4. Nc3 h6 5. Nb5 e5 6. dxe5 Nh5 7. Bg3 Nxg3 8. hxg3 a6 9. Nc3 Bb4 10. Qd2 d4 11. a3 dxc3 12. Qxd8+ Nxd8 13. axb4 cxb2 14. Rb1 a5 15. bxa5 Rxa5 16. Rxb2 Ra1+ 17. Kd2 O-O 18. Nd4 b6 19. f4 Ne6 20. Nb3 Rd8+ 21. Ke3 Ra4 22. Kf2 Re4 23. e3 Rd1 24. Rh2 Rb4 25. Be2 Rd2 26. Ke1 Rd8 27. Bd3 Nc5 28. Ke2 Nxd3 29. cxd3 Ba6 30. Kf3 Rxd3 31. Ra2 Bb7+ 32. Ke2 Rbxb3 33. Ra7 Rxe3+ 34. Kf2 Bd5 35. Rxc7 Be6 36. Rh1 Rxg3 37. Rd1 Rgd3 38. Rdc1 Rd4 39. g3 Rdd3 40. Rg1 Rb2+ 41. Ke1 Rb1+ 42. Kf2 Rxg1 43. Kxg1 Rxg3+ 44. Kf2 Ra3 45. Rb7 Rb3 46. Ke2 Kh7 47. f5 Bxf5 48. Rxf7 Kg6 49. Re7 Rb5 50. Ke3 Rb4 51. Kf3 b5 52. Re8 Re4 0-1

[Event "Scarborough CC Spring Swiss U1700"]
[Site "Toronto CAN"]
[Date "2008.04.03"]
[Round "4"]
[White "Xia, Linda"]
[Black "Farrant-Diaz, Nathan"]
[Result "0-1"]
[WhiteElo "1371"]
[BlackElo "1525"]
[PlyCount "82"]
[GameId "2160767910413213"]
[EventDate "2008.03.13"]
[EventType "swiss"]
[EventRounds "8"]
[EventCountry "CAN"]
[SourceTitle "EXT 2011"]
[Source "ChessBase"]
[SourceDate "2011.11.26"]
[SourceVersion "1"]
[SourceVersionDate "2011.11.26"]
[SourceQuality "1"]

1. d4 b6 2. c4 Bb7 3. e3 e6 4. Nf3 Nf6 5. Nc3 Bb4 6. Be2 O-O 7. Bd2 Nc6 8. O-O Bxc3 9. Bxc3 Ne4 10. Be1 d5 11. a3 Ne7 12. b4 Re8 13. c5 bxc5 14. bxc5 c6 15. Rb1 Rb8 16. Qa4 a6 17. Ba5 Qc8 18. Rb6 Qd7 19. Ne5 Qc8 20. Rfb1 f6 21. Nf3 Rd8 22. Rxb7 Rxb7 23. Rxb7 Qxb7 24. Bxd8 Qb1+ 25. Bf1 Qb2 26. h3 Qxf2+ 27. Kh2 Qg3+ 28. Kg1 Ng6 29. Qxc6 Nf8 30. Be7 Qf2+ 31. Kh2 Ng3 32. Bxf8 Nxf1+ 33. Kh1 Nxe3 34. Qxe6+ Kxf8 35. Qd6+ Kf7 36. Qd7+ Kg6 37. Qe8+ Kh6 38. Nh4 Qe1+ 39. Kh2 Nf1+ 40. Kg1 Qxe8 41. Kxf1 Qa4 0-1

[Event "Scarborough CC Spring Swiss U1700"]
[Site "Toronto CAN"]
[Date "2008.04.10"]
[Round "5"]
[White "Douglas, Steven"]
[Black "Philip, Andrew"]
[Result "0-1"]
[WhiteElo "1597"]
[BlackElo "1675"]
[PlyCount "76"]
[GameId "2160767910413214"]
[EventDate "2008.03.13"]
[EventType "swiss"]
[EventRounds "8"]
[EventCountry "CAN"]
[SourceTitle "EXT 2011"]
[Source "ChessBase"]
[SourceDate "2011.11.26"]
[SourceVersion "1"]
[SourceVersionDate "2011.11.26"]
[SourceQuality "1"]

1. e4 c5 2. Nc3 Nc6 3. f4 d6 4. Bb5 a6 5. Bxc6+ bxc6 6. Nf3 e6 7. O-O Nf6 8. d3 Be7 9. Qe1 O-O 10. Ng5 d5 11. e5 Nd7 12. Rf3 h6 13. Qh4 Nxe5 14. Rh3 Ng6 15. Qh5 e5 16. Nxf7 Rxf7 17. Qxg6 Rf6 18. Qg3 exf4 19. Bxf4 Bxh3 20. gxh3 Qe8 21. Kh1 Qf7 22. Ne2 Rg6 23. Qf3 Rf8 24. Qe3 Re6 25. Qd2 Qh5 26. Ng1 Qf5 27. Bg3 d4 28. Ne2 Qf3+ 29. Kg1 Rxe2 30. Qxe2 Qxe2 31. Re1 Qf3 32. h4 Bd6 33. c4 Bxg3 34. hxg3 Qf2+ 35. Kh1 Qxe1+ 36. Kh2 Rf2+ 37. Kh3 Qe6+ 38. g4 Qe3# 0-1

[Event "Scarborough CC Spring Swiss U1700"]
[Site "Toronto CAN"]
[Date "2008.04.10"]
[Round "5"]
[White "Karpik, Steve"]
[Black "Jizan, Masoud"]
[Result "1/2-1/2"]
[WhiteElo "1565"]
[BlackElo "1622"]
[PlyCount "99"]
[GameId "2160767910413215"]
[EventDate "2008.03.13"]
[EventType "swiss"]
[EventRounds "8"]
[EventCountry "CAN"]
[SourceTitle "EXT 2011"]
[Source "ChessBase"]
[SourceDate "2011.11.26"]
[SourceVersion "1"]
[SourceVersionDate "2011.11.26"]
[SourceQuality "1"]

1. Nf3 d5 2. c4 d4 3. c5 Nc6 4. a3 a5 5. d3 e5 6. Qc2 Nf6 7. Bg5 Be7 8. Nbd2 Be6 9. g3 Nd7 10. Bxe7 Qxe7 11. Rc1 a4 12. Bg2 Na5 13. Qxa4 O-O 14. Qc2 f5 15. O-O Nc6 16. Nb3 h6 17. Nfd2 Qf7 18. f4 Rfe8 19. Nc4 e4 20. Nbd2 e3 21. Nf3 Bd5 22. Qb1 Qh5 23. Rc2 Nf6 24. Nh4 Bxg2 25. Kxg2 Ng4 26. b4 Rf8 27. Qb3 Kh8 28. b5 Na5 29. Nxa5 Rxa5 30. Qb4 Raa8 31. Qxd4 Rad8 32. Qc4 g5 33. Nf3 Nf2 34. Qe6 gxf4 35. Rxf2 Rde8 36. Qd7 exf2 37. Qd4+ Kg8 38. Qxf4 Re7 39. Qc4+ Qf7 40. Qf4 Qb3 41. Rd2 Qc3 42. Qxh6 Qxc5 43. Qg6+ Rg7 44. Qe6+ Rff7 45. Ne5 Qf8 46. Nxf7 Rxf7 47. Qg6+ Rg7 48. Qe6+ Rf7 49. Qg6+ Rg7 50. Qe6+ 1/2-1/2

[Event "Scarborough CC Spring Swiss U1700"]
[Site "Toronto CAN"]
[Date "2008.04.10"]
[Round "5"]
[White "Pishdad, Hassan"]
[Black "Termeer, Ted"]
[Result "0-1"]
[WhiteElo "1174"]
[BlackElo "1532"]
[PlyCount "95"]
[GameId "2160767910413216"]
[EventDate "2008.03.13"]
[EventType "swiss"]
[EventRounds "8"]
[EventCountry "CAN"]
[SourceTitle "EXT 2011"]
[Source "ChessBase"]
[SourceDate "2011.11.26"]
[SourceVersion "1"]
[SourceVersionDate "2011.11.26"]
[SourceQuality "1"]

1. e4 e5 2. Nf3 d6 3. Bc4 h6 4. Nc3 Nf6 5. d3 a6 6. h3 Nc6 7. Be3 Be7 8. a3 O-O 9. Nh4 Kh7 10. Qd2 Nxe4 11. dxe4 Bxh4 12. O-O-O Bg5 13. Bxg5 hxg5 14. g4 Nd4 15. Be2 c6 16. Rh2 Qf6 17. Rdh1 Qf4 18. Qxf4 exf4 19. Kd2 Nxe2 20. Kxe2 Kg6 21. Kf3 Be6 22. h4 f6 23. h5+ Kh6 24. Kg2 Rad8 25. f3 d5 26. exd5 Bxd5 27. Rf1 Bc4 28. Rf2 Rfe8 29. Kh3 Re1 30. Kg2 Bd5 31. Nxd5 Rxd5 32. Rh1 Re3 33. Rhf1 f5 34. Kh3 g6 35. hxg6 Kxg6 36. Kg2 fxg4 37. fxg4 Rg3+ 38. Kh2 Rd7 39. Rg2 Rxg2+ 40. Kxg2 Rd2+ 41. Rf2 Rxf2+ 42. Kxf2 Kf6 43. Kf3 Ke5 44. c3 b5 45. b3 Kd5 46. c4+ bxc4 47. bxc4+ Kxc4 48. Ke4 0-1

[Event "Scarborough CC Spring Swiss U1700"]
[Site "Toronto CAN"]
[Date "2008.04.10"]
[Round "5"]
[White "Prabhudesai, Aniket"]
[Black "Xie, Peter"]
[Result "0-1"]
[WhiteElo "1082"]
[BlackElo "1377"]
[PlyCount "102"]
[GameId "2160767910413217"]
[EventDate "2008.03.13"]
[EventType "swiss"]
[EventRounds "8"]
[EventCountry "CAN"]
[SourceTitle "EXT 2011"]
[Source "ChessBase"]
[SourceDate "2011.11.26"]
[SourceVersion "1"]
[SourceVersionDate "2011.11.26"]
[SourceQuality "1"]

1. e4 c6 2. Nc3 d5 3. Bd3 d4 4. Nce2 e5 5. Nf3 Qc7 6. O-O Bg4 7. Ng5 h6 8. Ne6 Bxe6 9. Ng3 Be7 10. Nh5 Bf6 11. b4 g6 12. Qf3 gxh5 13. Qg3 h4 14. Qf3 Bg5 15. c3 c5 16. Bb5+ Nd7 17. bxc5 Qxc5 18. Rb1 dxc3 19. Qxc3 Qxc3 20. dxc3 a6 21. Bxd7+ Bxd7 22. Ba3 Bc6 23. Rbd1 Ne7 24. Rd6 Ng6 25. Rfd1 O-O 26. R6d3 Bxe4 27. Rd7 Rfd8 28. Bc1 Rxd7 29. Rxd7 Rd8 30. Rxd8+ Bxd8 31. Bxh6 f5 32. f3 Bd5 33. g4 hxg3 34. hxg3 Bxf3 35. Kf2 Bd5 36. Kg1 f4 37. g4 Bxa2 38. g5 Ba5 39. Kf2 Bxc3 40. Kf3 Kh7 41. Bf8 Nxf8 42. Kg4 Kg6 43. Kh4 b5 44. Kg4 Be6+ 45. Kf3 Kxg5 46. Ke2 Bf5 47. Kd1 b4 48. Kc1 b3 49. Kd1 Bd3 50. Kc1 b2+ 51. Kd1 b1=R# 0-1

[Event "Scarborough CC Spring Swiss U1700"]
[Site "Toronto CAN"]
[Date "2008.04.10"]
[Round "5"]
[White "Seedhouse, Jeff"]
[Black "Farrant, David"]
[Result "0-1"]
[WhiteElo "1613"]
[BlackElo "1546"]
[PlyCount "70"]
[GameId "2160767910413218"]
[EventDate "2008.03.13"]
[EventType "swiss"]
[EventRounds "8"]
[EventCountry "CAN"]
[SourceTitle "EXT 2011"]
[Source "ChessBase"]
[SourceDate "2011.11.26"]
[SourceVersion "1"]
[SourceVersionDate "2011.11.26"]
[SourceQuality "1"]

1. e4 c5 2. Nf3 e6 3. Nc3 a6 4. g3 Nf6 5. Bg2 b5 6. d3 Bb7 7. O-O d5 8. exd5 Nxd5 9. Nxd5 Bxd5 10. Re1 Be7 11. Be3 Nd7 12. Qe2 h5 13. c4 Bc6 14. d4 cxd4 15. Bxd4 bxc4 16. Qxc4 Bb5 17. Qb3 Rb8 18. Qe3 h4 19. Ne5 hxg3 20. hxg3 Bg5 21. Qf3 Bf6 22. Rad1 Rc8 23. Nxd7 Bxd7 24. Bxf6 Qxf6 25. Qxf6 gxf6 26. Rc1 Ke7 27. b3 e5 28. Bb7 Rcd8 29. Bxa6 Ra8 30. Bc4 Rxa2 31. Bf1 Bg4 32. Bg2 Rd8 33. Ra1 Rb2 34. Rab1 Rdd2 35. Rxb2 Rxb2 0-1

[Event "Scarborough CC Spring Swiss U1700"]
[Site "Toronto CAN"]
[Date "2008.04.10"]
[Round "5"]
[White "Zlatanov, Petar"]
[Black "Song, Michael"]
[Result "1-0"]
[WhiteElo "1522"]
[BlackElo "1331"]
[PlyCount "38"]
[GameId "2160767910413219"]
[EventDate "2008.03.13"]
[EventType "swiss"]
[EventRounds "8"]
[EventCountry "CAN"]
[SourceTitle "EXT 2011"]
[Source "ChessBase"]
[SourceDate "2011.11.26"]
[SourceVersion "1"]
[SourceVersionDate "2011.11.26"]
[SourceQuality "1"]

1. e4 c5 2. Nf3 e6 3. d4 cxd4 4. Nxd4 Nf6 5. Nc3 Bb4 6. Bd3 Nc6 7. Nxc6 dxc6 8. O-O h6 9. e5 Nd5 10. Ne4 O-O 11. Qg4 f5 12. exf6 Nxf6 13. Nxf6+ Qxf6 14. Qxb4 b6 15. Bd2 Bb7 16. Qg4 Rad8 17. Bc3 Qf7 18. Qg6 Qxg6 19. Bxg6 c5 1-0

[Event "Scarborough CC Spring Swiss U1700"]
[Site "Toronto CAN"]
[Date "2008.04.17"]
[Round "6"]
[White "Jizan, Masoud"]
[Black "Seedhouse, Jeff"]
[Result "1-0"]
[WhiteElo "1622"]
[BlackElo "1613"]
[PlyCount "65"]
[GameId "2160767910413220"]
[EventDate "2008.03.13"]
[EventType "swiss"]
[EventRounds "8"]
[EventCountry "CAN"]
[SourceTitle "EXT 2011"]
[Source "ChessBase"]
[SourceDate "2011.11.26"]
[SourceVersion "1"]
[SourceVersionDate "2011.11.26"]
[SourceQuality "1"]

1. e4 e5 2. f4 exf4 3. Nf3 Nf6 4. Bc4 d5 5. exd5 Nxd5 6. O-O Be7 7. Qe2 Nc6 8. Ne5 O-O 9. d4 Nb6 10. Nxc6 bxc6 11. c3 Nxc4 12. Qxc4 Qd5 13. Qe2 Bd6 14. Bxf4 Bxf4 15. Rxf4 Bd7 16. Nd2 Rae8 17. Qf2 Re6 18. c4 Qa5 19. Nb3 Qb4 20. Nc5 Re7 21. b3 Rfe8 22. Rf1 f6 23. Qg3 Qd2 24. Qf2 Re2 25. Qg3 Bc8 26. Kh1 Kh8 27. h3 h6 28. a4 R8e3 29. Qg6 Bxh3 30. Rxf6 Bxg2+ 31. Kg1 Re8 32. Rf8+ Rxf8 33. Rxf8# 1-0

[Event "Scarborough CC Spring Swiss U1700"]
[Site "Toronto CAN"]
[Date "2008.04.24"]
[Round "7"]
[White "Dattani, Dinesh"]
[Black "Song, Michael"]
[Result "1-0"]
[WhiteElo "1375"]
[BlackElo "1331"]
[PlyCount "35"]
[GameId "2160767910413221"]
[EventDate "2008.03.13"]
[EventType "swiss"]
[EventRounds "8"]
[EventCountry "CAN"]
[SourceTitle "EXT 2011"]
[Source "ChessBase"]
[SourceDate "2011.11.26"]
[SourceVersion "1"]
[SourceVersionDate "2011.11.26"]
[SourceQuality "1"]

1. e4 c5 2. Nf3 Nc6 3. d4 cxd4 4. Nxd4 Nf6 5. Nc3 e6 6. Ndb5 d5 7. Bg5 a6 8. Bxf6 gxf6 9. Nd4 Bc5 10. Nb3 Bb4 11. a3 Bxc3+ 12. bxc3 dxe4 13. Be2 Qc7 14. O-O Rg8 15. f3 Qe5 16. Qe1 Qg5 17. g3 exf3 18. Bxf3 1-0

[Event "Scarborough CC Spring Swiss U1700"]
[Site "Toronto CAN"]
[Date "2008.04.24"]
[Round "7"]
[White "Farrant-Diaz, Nathan"]
[Black "Smith, Maurice"]
[Result "0-1"]
[WhiteElo "1525"]
[BlackElo "1573"]
[PlyCount "78"]
[GameId "2160767910413222"]
[EventDate "2008.03.13"]
[EventType "swiss"]
[EventRounds "8"]
[EventCountry "CAN"]
[SourceTitle "EXT 2011"]
[Source "ChessBase"]
[SourceDate "2011.11.26"]
[SourceVersion "1"]
[SourceVersionDate "2011.11.26"]
[SourceQuality "1"]

1. e4 c5 2. Nf3 d6 3. d4 cxd4 4. Nxd4 Nf6 5. Nc3 g6 6. Be2 Bg7 7. O-O O-O 8. f3 Bd7 9. Kh1 Nc6 10. Be3 Rc8 11. Qd2 Ne5 12. h3 Nc4 13. Bxc4 Rxc4 14. b3 Rc8 15. Nd5 Nxd5 16. exd5 a6 17. Rae1 Re8 18. c4 b5 19. cxb5 Bxb5 20. Nxb5 axb5 21. Rc1 Qd7 22. Bd4 e5 23. dxe6 fxe6 24. Bxg7 Kxg7 25. Rfd1 d5 26. Qd4+ e5 27. Qd2 d4 28. Rxc8 Rxc8 29. Qe3 Qc7 30. Qd3 Qc2 31. Qxc2 Rxc2 32. Re1 Kf6 33. f4 exf4 34. Re4 d3 35. Rd4 d2 36. Kh2 Ke5 37. Rd8 f3 38. Kg3 f2 39. Kxf2 d1=Q+ 0-1